[Event "Belgrade-chT"]
[Site "Belgrade"]
[Date "2014.10.05"]
[Round "2"]
[White "Krstic, Relja"]
[Black "Dimitrijevic, Vuk"]
[Result "1-0"]
[WhiteElo "2160"]
[BlackElo "1910"]
[PlyCount "111"]
[EventDate "2014.10.04"]
[EventType "team-tourn"]
[EventRounds "13"]
[EventCountry "SRB"]
[SourceTitle "EXT 2015"]
[Source "ChessBase"]
[SourceDate "2014.11.20"]
[SourceVersion "1"]
[SourceVersionDate "2014.11.20"]
[SourceQuality "1"]

1. Nf3 Nf6 2. c4 g6 3. Nc3 Bg7 4. e4 d6 5. d4 0-0 6. Be2 e5 7. Be3 Nc6 8. d5 Ne7 9. Nd2 Nd7 10. 0-0 f5 11. f3 f4 12. Bf2 g5 13. b4 Nf6 14. c5 Ng6 15. Rc1 Rf7 16. a4 Bf8 17. a5 a6 18. Nc4 Rg7 19. cxd6 cxd6 20. Nb6 Rb8 21. Nca4 Bd7 22. Nxd7 Qxd7 23. Nb6 Qe8 24. b5 axb5 25. Qb3 Nh8 26. h3 h5 27. Rc3 g4 28. hxg4 hxg4 29. fxg4 Nxe4 30. Rh3 Nd2 31. Qxb5 Nxf1 32. Kxf1 Qg6 33. Qc4 e4 34. Bd4 Rh7 35. Qc3 Rxh3 36. gxh3 Bg7 37. Nd7 Re8 38. Bb5 Bxd4 39. Qxd4 Rc8 40. Nf6+ Kf8 41. Nxe4 Nf7 42. Bd7 Rc1+ 43. Kg2 Ne5 44. Bf5 Qh6 45. Qb6 f3+ 46. Kg3 Rc2 47. Qd8+ Kg7 48. Qe7+ Nf7 49. Ng5 Qxg5 50. Qxg5+ Nxg5 51. Bxc2 f2 52. Kxf2 Nxh3+ 53. Ke3 Kf6 54. Kd4 Nf4 55. Bf5 Ne2+ 56. Kc4 1-0

[Event "SRB-chT quality"]
[Site "Belgrade"]
[Date "2010.10.10"]
[Round "2"]
[White "Krstic, Relja"]
[Black "Lukovic, Vladimir"]
[Result "1/2-1/2"]
[WhiteElo "2187"]
[BlackElo "2201"]
[PlyCount "110"]
[EventDate "2010.10.09"]
[EventType "team-tourn"]
[EventRounds "11"]
[EventCountry "YUG"]
[SourceTitle "EXT 2011"]
[Source "ChessBase"]
[SourceDate "2010.11.26"]
[SourceVersion "1"]
[SourceVersionDate "2010.11.26"]
[SourceQuality "1"]

1. d4 d5 2. c4 c6 3. Nc3 Nf6 4. Bg5 a6 5. e3 b5 6. Bxf6 exf6 7. c5 f5 8. Bd3 g6 9. Nge2 Bg7 10. 0-0 0-0 11. Qc2 Re8 12. a4 b4 13. Na2 a5 14. Nac1 Ba6 15. Nb3 Nd7 16. Bxa6 Rxa6 17. Rae1 Nf6 18. Ng3 h5 19. f3 Ra7 20. Re2 Qc8 21. Rfe1 Qa6 22. Nh1 Rae7 23. Nf2 Bh6 24. Qd3 Qxd3 25. Nxd3 Ra8 26. Nf2 Re6 27. e4 dxe4 28. fxe4 Rae8 29. e5 Nd5 30. Nxa5 Ra8 31. Nc4 Rxa4 32. Nb6 Nxb6 33. cxb6 Ra6 34. b7 Rb6 35. Nd3 Bf8 36. Nf4 Re7 37. d5 Rexb7 38. e6 Bd6 39. e7 Rxe7 40. Rxe7 Bxf4 41. g3 Bd6 42. Re8+ Kg7 43. Rd1 cxd5 44. Rxd5 Kf6 45. Kg2 Be7 46. Rd7 Re6 47. h4 Re2+ 48. Kf3 Re4 49. Rb7 Re6 50. Reb8 Bc5 51. Rc8 Be7 52. Rc4 Bf8 53. Rc2 Bd6 54. Re2 Bc5 55. Rc2 Bf8 1/2-1/2

[Event "Belgrade-chT Quality"]
[Site "Belgrade"]
[Date "2008.11.11"]
[Round "10"]
[White "Arsenovic, Milos"]
[Black "Krstic, Relja"]
[Result "0-1"]
[WhiteElo "2089"]
[BlackElo "2200"]
[PlyCount "98"]
[EventDate "2008.11.01"]
[EventType "team-swiss"]
[EventRounds "11"]
[EventCountry "YUG"]
[SourceTitle "CBM 127 Extra"]
[Source "ChessBase"]
[SourceDate "2009.01.08"]
[SourceVersion "2"]
[SourceVersionDate "2009.01.28"]
[SourceQuality "1"]

1. d4 d5 2. c4 e6 3. Nf3 c6 4. Nc3 f5 5. g3 Nf6 6. Bg2 Bd6 7. 0-0 0-0 8. Bf4 Bxf4 9. gxf4 dxc4 10. Ne5 Nd5 11. Qd2 Qh4 12. e3 Nd7 13. Nxc4 Rf6 14. Qe2 Rh6 15. h3 Nf8 16. Ne5 Bd7 17. Nxd7 Nxd7 18. Qf3 Rg6 19. Ne2 N7f6 20. Ng3 Rf8 21. Rfc1 Rh6 22. Rc5 g5 23. fxg5 Qxg5 24. Ne2 Ne4 25. Rc2 Nb4 26. Rcc1 Nd3 27. Rc2 Rg6 28. Nf4 Nxf4 29. exf4 Qh4 30. Kf1 Rf7 31. Ke2 Nf6 32. Bf1 Rd7 33. Rd1 Nd5 34. Kd2 Qxf4+ 35. Qxf4 Nxf4 36. Ke3 e5 37. Bc4+ Kf8 38. Rcd2 Ng2+ 39. Ke2 e4 40. d5 c5 41. d6 a6 42. Bd5 Rgxd6 43. Bb3 Ke7 44. Rxd6 Rxd6 45. Rc1 b6 46. Bc4 b5 47. Bg8 Nf4+ 48. Ke3 Nd3 49. Rc2 Rh6 0-1

[Event "Belgrade-chT Quality"]
[Site "Belgrade"]
[Date "2008.11.02"]
[Round "2"]
[White "Krstic, Relja"]
[Black "Jovanovic, Miroslav M"]
[Result "1/2-1/2"]
[WhiteElo "2200"]
[BlackElo "1973"]
[PlyCount "62"]
[EventDate "2008.11.01"]
[EventType "team-swiss"]
[EventRounds "11"]
[EventCountry "YUG"]
[SourceTitle "CBM 127 Extra"]
[Source "ChessBase"]
[SourceDate "2009.01.08"]
[SourceVersion "2"]
[SourceVersionDate "2009.01.28"]
[SourceQuality "1"]

1. d4 f5 2. Nf3 Nf6 3. g3 e6 4. c4 c6 5. Bg2 d5 6. Nbd2 Be7 7. 0-0 0-0 8. b3 Bd7 9. Bb2 Ne4 10. Ne5 Be8 11. f3 Nxd2 12. Qxd2 Nd7 13. Nd3 Kh8 14. e4 Bf7 15. Rae1 Bg8 16. Qe2 Bf6 17. Ba3 Bxd4+ 18. Kh1 Re8 19. e5 Bb6 20. c5 Bc7 21. f4 Bf7 22. Bf3 Rg8 23. Bc1 Qf8 24. Be3 Bd8 25. h4 Be7 26. Rc1 g6 27. Kg2 h5 28. Rc2 Qd8 29. Qd2 Qc7 30. Rfc1 Rgd8 31. Bd4 Rac8 1/2-1/2

[Event "Belgrade CupT final"]
[Site "Belgrade"]
[Date "2008.04.13"]
[Round "5"]
[White "Mrdak, Milomir"]
[Black "Krstic, Relja"]
[Result "0-1"]
[WhiteElo "2055"]
[BlackElo "2201"]
[PlyCount "100"]
[EventDate "2008.04.09"]
[EventType "team-swiss"]
[EventRounds "5"]
[EventCountry "SRB"]
[SourceTitle "EXT 2023"]
[Source "ChessBase"]
[SourceDate "2022.10.05"]
[SourceVersion "1"]
[SourceVersionDate "2022.10.05"]
[SourceQuality "1"]

1. d4 f5 2. Nf3 Nf6 3. g3 g6 4. Bg2 Bg7 5. 0-0 0-0 6. c4 d6 7. Nc3 c6 8. Qb3 Kh8 9. Bg5 Qc7 10. d5 Na6 11. Be3 Bd7 12. Rac1 e5 13. dxe6 Bxe6 14. Rfd1 Nc5 15. Qa3 Bxc4 16. Bxc5 dxc5 17. Qxc5 Bg8 18. a4 Qb6 19. Qa3 a5 20. Nd4 Qb4 21. Qa1 Rad8 22. e3 Ng4 23. Qb1 Ne5 24. Re1 Rd7 25. h4 h5 26. Qc2 c5 27. Ndb5 Nd3 28. e4 Nxe1 29. Rxe1 Re8 30. Re3 Bd4 31. Re2 Qb3 32. Qc1 Bg7 33. e5 Rxe5 34. Rxe5 Bxe5 35. Qh6+ Bh7 36. Qf8+ Qg8 37. Qxc5 Qe8 38. Qb6 Bg8 39. Qe3 Kg7 40. Kh2 Qe7 41. Qf3 Qxh4+ 42. Kg1 Qg5 43. Qe2 Bf6 44. Bf3 h4 45. g4 Rd2 46. Qe3 Qxe3 47. fxe3 b6 48. gxf5 gxf5 49. e4 h3 50. exf5 h2+ 0-1

[Event "Belgrade CupT final"]
[Site "Belgrade"]
[Date "2008.04.11"]
[Round "3"]
[White "Krstic, Relja"]
[Black "Starcevic, Goran"]
[Result "0-1"]
[WhiteElo "2201"]
[BlackElo "2228"]
[PlyCount "100"]
[EventDate "2008.04.09"]
[EventType "team-swiss"]
[EventRounds "5"]
[EventCountry "SRB"]
[SourceTitle "EXT 2023"]
[Source "ChessBase"]
[SourceDate "2022.10.05"]
[SourceVersion "1"]
[SourceVersionDate "2022.10.05"]
[SourceQuality "1"]

1. d4 Nf6 2. c4 e6 3. Nc3 d5 4. Bg5 Be7 5. Nf3 0-0 6. e3 h6 7. Bh4 Ne4 8. Bxe7 Qxe7 9. Nxe4 dxe4 10. Nd2 f5 11. Be2 b6 12. 0-0 Bb7 13. f3 Qg5 14. Qb3 Nc6 15. c5 Nxd4 16. exd4 Qxd2 17. Qxe6+ Kh8 18. Qc4 Rad8 19. Rad1 Qxb2 20. c6 Bxc6 21. Qxc6 Qxe2 22. Qxc7 exf3 23. gxf3 Qxa2 24. Ra1 Qd5 25. Rxa7 Qxd4+ 26. Kh1 Rc8 27. Qe7 Qc3 28. Rb7 Rfe8 29. Qh4 Qd3 30. Qf2 Rc2 31. Qg1 g5 32. Rxb6 Kh7 33. h4 Ree2 34. Rxh6+ Kxh6 35. Qxg5+ Kh7 36. Qh5+ Kg7 37. Rg1+ Kf6 38. Qh8+ Ke6 39. Rg6+ Kd7 40. Rg7+ Re7 41. Rxe7+ Kxe7 42. Qg7+ Kd8 43. Qf8+ Kc7 44. Qe7+ Kc6 45. Qe8+ Kc5 46. Qe7+ Kc4 47. Qc7+ Kb3 48. Qb6+ Ka2 49. Qa5+ Kb1 50. Qb4+ Kc1 0-1

[Event "Belgrade tt Cup"]
[Site "Belgrade"]
[Date "2007.04.13"]
[Round "5.6"]
[White "Jovanovski, Slobodan"]
[Black "Krstic, Relja"]
[Result "1/2-1/2"]
[WhiteElo "2208"]
[BlackElo "2221"]
[PlyCount "55"]
[EventDate "2007.04.09"]
[EventType "team-tourn"]
[EventRounds "5"]
[EventCountry "YUG"]
[SourceTitle "EXT 2008"]
[Source "ChessBase"]
[SourceDate "2007.11.25"]
[SourceVersion "1"]
[SourceVersionDate "2007.11.25"]
[SourceQuality "1"]

1. e4 e6 2. d4 d5 3. exd5 exd5 4. Nc3 c6 5. Bd3 Bd6 6. Nge2 Qc7 7. h3 Ne7 8. Be3 Bf5 9. g4 Bxd3 10. Qxd3 Nd7 11. 0-0-0 0-0-0 12. Kb1 Kb8 13. Qd2 h5 14. Nf4 Nf6 15. f3 Rde8 16. Rdf1 Ng6 17. Nd3 hxg4 18. hxg4 b6 19. Bg5 Nh7 20. Be3 Nf6 21. Bg5 Nh7 22. Be3 Nf6 23. a3 Kb7 24. Bg5 Nh7 25. Be3 Nf6 26. Bg5 Nh7 27. Be3 Nf6 28. Bg5 1/2-1/2

[Event "Belgrade tt Cup"]
[Site "Belgrade"]
[Date "2007.04.10"]
[Round "2.5"]
[White "Mihic, Bojan"]
[Black "Krstic, Relja"]
[Result "1-0"]
[WhiteElo "2366"]
[BlackElo "2221"]
[PlyCount "67"]
[EventDate "2007.04.09"]
[EventType "team-tourn"]
[EventRounds "5"]
[EventCountry "YUG"]
[SourceTitle "EXT 2008"]
[Source "ChessBase"]
[SourceDate "2007.11.25"]
[SourceVersion "1"]
[SourceVersionDate "2007.11.25"]
[SourceQuality "1"]

1. Nf3 f5 2. d3 d6 3. e4 e5 4. Nc3 c6 5. d4 fxe4 6. Nxe4 Nf6 7. Nxf6+ gxf6 8. dxe5 dxe5 9. Bd3 Be6 10. Qe2 Nd7 11. Be3 Qc7 12. Nh4 0-0-0 13. Bf5 Bxf5 14. Nxf5 Bc5 15. 0-0-0 Bxe3+ 16. Qxe3 Nb6 17. Qh6 Nd5 18. c4 Nf4 19. Qxf6 Rhf8 20. Nd6+ Kb8 21. Qxe5 Nxg2 22. Rhg1 Nf4 23. Rg7 Ng6 24. Qg3 Nf4 25. Rxc7 Ne2+ 26. Kb1 Nxg3 27. Rxb7+ Ka8 28. fxg3 Rxd6 29. Rxa7+ Kxa7 30. Rxd6 Kb6 31. Rh6 Kc5 32. a3 Rf7 33. Rh4 Kb6 34. b4 1-0

[Event "Belgrade tt Cup"]
[Site "Belgrade"]
[Date "2007.04.09"]
[Round "1.3"]
[White "Krstic, Relja"]
[Black "Jovanovic, Sasa M"]
[Result "0-1"]
[WhiteElo "2221"]
[BlackElo "2312"]
[PlyCount "90"]
[EventDate "2007.04.09"]
[EventType "team-tourn"]
[EventRounds "5"]
[EventCountry "YUG"]
[SourceTitle "EXT 2008"]
[Source "ChessBase"]
[SourceDate "2007.11.25"]
[SourceVersion "1"]
[SourceVersionDate "2007.11.25"]
[SourceQuality "1"]

1. d4 Nf6 2. c4 c5 3. d5 b5 4. cxb5 a6 5. f3 axb5 6. e4 Qa5+ 7. Bd2 b4 8. Na3 Ba6 9. Nc4 Bxc4 10. Bxc4 d6 11. Nh3 g6 12. 0-0 Bg7 13. Nf2 Nfd7 14. Nd3 Nb6 15. Qc2 Nxc4 16. Qxc4 Qa6 17. Rfc1 Qxc4 18. Rxc4 Nd7 19. Rcc1 Bd4+ 20. Kf1 Nb6 21. Rcb1 Kd7 22. a3 Nc4 23. Bc1 bxa3 24. bxa3 Bxa1 25. Rxa1 Rhb8 26. Ke2 Rb3 27. a4 Rc3 28. Ra2 e6 29. dxe6+ fxe6 30. h4 Kc6 31. Bg5 Ra3 32. Rxa3 Nxa3 33. Nb2 Nc2 34. Bd2 d5 35. Kd3 Nb4+ 36. Kc3 Kd6 37. Bf4+ Kc6 38. Bd2 Kd7 39. Bf4 Rf8 40. Bh6 Rf7 41. Be3 Kc6 42. Bg1 Rf4 43. Bf2 dxe4 44. Bg3 exf3 45. Bxf4 f2 0-1

[Event "Belgrade Spring op"]
[Site "Belgrade"]
[Date "2005.03.27"]
[Round "3"]
[White "Krstic, Relja"]
[Black "Todic, Zoran"]
[Result "0-1"]
[WhiteElo "2231"]
[BlackElo "2314"]
[PlyCount "90"]
[EventDate "2005.03.25"]
[EventType "swiss"]
[EventRounds "9"]
[EventCountry "YUG"]
[SourceTitle "CBM 105 Extra"]
[Source "ChessBase"]
[SourceDate "2005.05.01"]
[SourceVersion "1"]
[SourceVersionDate "2005.05.01"]
[SourceQuality "1"]

1. d4 d6 2. e4 Nf6 3. f3 Nbd7 4. Be3 e5 5. d5 Be7 6. Ne2 c6 7. c4 Nb6 8. Nd2 cxd5 9. cxd5 Bd7 10. Nc3 h5 11. Qb3 h4 12. a4 Qb8 13. Nb5 Nc8 14. Rc1 Bd8 15. Qb4 0-0 16. Be2 a6 17. Nc3 b5 18. a5 Nh5 19. 0-0 g5 20. Rfe1 Ne7 21. Bf2 Nf4 22. Bf1 Neg6 23. Nd1 Bc7 24. Ne3 Qd8 25. Nb3 Bb8 26. Rc2 Kg7 27. Rd1 Ne7 28. g3 hxg3 29. hxg3 Nh5 30. Bd3 Rh8 31. Kf1 Rh6 32. Ke2 Ba7 33. Ng4 Bxg4 34. fxg4 Bxf2 35. Kxf2 Nf6 36. Re2 Qd7 37. Rg1 Qxg4 38. Qd2 Ng6 39. Kf1 Rah8 40. Qe3 Rh1 41. Nd2 Qh3+ 42. Reg2 Ng4 43. Qb6 Nf4 44. gxf4 Qxd3+ 45. Ke1 R8h2 0-1